000
00257nam a2200097Ia 4500
008
240331s9999 xx 000 0 und d
082
_b
DIR
100
_a
Beijing . ed
245
0
_a
Directory of national focal points for the UN 4th World Conference
942
_c
L
999
_c
4399
_d
4399